000 01094nam a22003257a 4500
003 CHAP
005 20220329140536.0
008 971013s1975 r 00010 d
010 _a53629
011 _a54601
035 _a58752
040 _cCHAP
082 _a519.5
_bW49 1975
100 0 0 _aWetherril, George Barrie.
_9121596
245 _aSequential methods in statistics
250 _a2 ed.
260 _aLondon :
_bChapman and Hall,
_c1975
300 _a232 p.
490 _aMonographs on applied probability and statistics
590 _aBATCH-UPD
_b10
_c20130110
_lUCH01
_h1306
590 _aBATCH-UPD
_b10
_c20130410
_lUCH01
_h0822
590 _aBATCH-UPD
_b10
_c20130914
_lUCH01
_h1324
590 _aCONVERSION
_b10
_c20130109
_lUCH01
_h1329
650 1 4 _aEstadística
_xMetodología.
_938253
830 0 _aMonographs on applied probability and statistics
_977613
901 _aBK
942 _cLIBRO
949 _a519.5 W49 1975
_bBC
_cLIBRO
_d33724000387825
_eLIBRO
_h52700
_i58752
_si
_t413.00
949 _a519.5 W49 1975
_bBC
_cLIBRO
_d33724000387833
_eLIBRO
_fc.2
_h52701
_i58752
_si
_t413.00
999 _c53629
_d53629